000 00374nam a22001337a 4500
008 250318b |||||||| |||| 00| 0 eng d
020 _a9789787925400
050 _aJZ5534
_b.I68
100 _aSHEDRACK, Gaya Best
245 _aIntroduction to Peace and Conflict Studies in West Africa
260 _aNigeria
_bSpectrum Books Limited
_c2016
300 _axv, 476p.
942 _cBK
999 _c2444
_d2444